00856nam a2200265 a 450000100060000000300080000600500170001400800410003102000150007202000220008702000290010902000280013803500190016603500260018504000270021104100080023808200240024624501040027026000660037430000210044050400500046165000260051170000270053770000260056415931BD-RjUL20211208235920.0140211r20062000ii 001 0 eng d a0761994335 a0761994416 (pbk.) a8170368995 (India cased) a817036891x (India pbk.) a(BD-RjUL)15986 a(UkOxU)UkOxUw11186863 aDLCcDLCbengdBD-RjUL aeng0 a658.3221bHUM 200600aHuman resource management :bperspectives for the new era /cedited by Debi S. Saini, Sami A. Khan. aNew Delhi ;aLondon :bResponse Books,c2000 [printing 2006]. a370 p. ;c23 cm. aIncludes bibliographical references and index 0aPersonnel management.1 aSaini, Debi S.,d1950-1 aKhan, Sami A.,d1963-